000 00311nam a22001337a 4500
008 190129b xxu||||| |||| 00| 0 eng d
020 _a9780312612337
041 _aeng
080 _a371
100 _a46
101 _aEDU
245 _aEverything's an argument with readings
_cLunsford,A.A
942 _2udc
_cBK
999 _c53866
_d53866